Perdidas de Sacarosa por Inversión en el Ingenio San Antonio Zafra 1998 - 1999.
Comprende el estudio de la inversión de sacarosa en las etapas de extracción, purificación y evaporación del proceso de fabricación de azúcar de caña en el Ingenio San Antonio e identificar causas para proponer mecanismos de control. Detalla el control Químico de la sacarosa, Inversión de s...
| Main Author: | |
|---|---|
| Other Authors: | |
| Format: | Tesis Section = Libro |
| Language: | Undetermined Spanish |
| Published: |
Managua
UNI
1999
|
| Subjects: |
| LEADER | 01184nam a2200241Ia 4500 | ||
|---|---|---|---|
| 008 | 240830s9999 xx 000 0 und d | ||
| 040 | |a CEDOC DACA-RUSB / Mon 658.1555 T143 | ||
| 041 | |a spa | ||
| 082 | |a Mon 658.1555 T143 | ||
| 100 | 1 | |a Taleno Fernández, Juan Antonio | |
| 245 | 1 | 0 | |a Perdidas de Sacarosa por Inversión en el Ingenio San Antonio Zafra 1998 - 1999. |
| 260 | |a Managua |b UNI |c 1999 | ||
| 300 | |a 142 p. :il | ||
| 500 | |a Contiene apendice | ||
| 502 | |a Tesis (Ingeniero Químico) -UNI, 1999. | ||
| 520 | 3 | |a Comprende el estudio de la inversión de sacarosa en las etapas de extracción, purificación y evaporación del proceso de fabricación de azúcar de caña en el Ingenio San Antonio e identificar causas para proponer mecanismos de control. Detalla el control Químico de la sacarosa, Inversión de sacarosa, Microorganismos en la Caña de Azúcar, Modificaciones Tecnológicas, Material y Método. | |
| 650 | 7 | |a ANALISIS Y PREVENCION DE PÉRDIDAS - SACAROSA | |
| 650 | 7 | |b PROCESOS DE MANUFACTURAS. | |
| 650 | 7 | |c EXTRACCION Y PURIFICACION. | |
| 700 | 1 | |a Tutor: |b Acevedo Lugo, Ernesto José | |
| 942 | |c BK |2 ddc | ||
| 991 | |a TESIS | ||
| 999 | |c 26010 | ||